[Event "50th Rilton Cup 2022-23"]
[Site "Stockholm SWE"]
[Date "2023.01.03"]
[Round "7.43"]
[White "Lahdelma, Henri"]
[Black "Lye, Lik Zang"]
[Result "1-0"]
[WhiteTitle "FM"]
[BlackTitle "FM"]
[WhiteElo "2332"]
[BlackElo "2241"]
[WhiteFideId "510394"]
[BlackFideId "5712181"]
[EventDate "2022.12.27"]

1. d4 d5 2. c4 e6 3. Nc3 a6 4. cxd5 exd5 5. Bf4 c6 6. e3 Bd6 7. Bxd6 Qxd6 8. Bd3
Ne7 9. Qc2 Bg4 10. Nge2 Bxe2 11. Nxe2 Nd7 12. a3 g6 13. Nf4 O-O 14. Rd1 Rfe8 15.
g3 Rac8 16. Qe2 Qf6 17. Kf1 Nf5 18. Qg4 Nb6 19. Bxf5 Qxf5 20. Qxf5 gxf5 21. b3
Nd7 22. Kg2 Kf8 23. Kf3 Ke7 24. Rb1 Nf6 25. Rhc1 Ne4 26. Rb2 Ng5+ 27. Ke2 Kd6
28. Nd3 Ne6 29. Kf1 Rg8 30. Ne5 f6 31. Nf3 Ng5 32. Nh4 Ke6 33. Ke2 Rce8 34. Kd3
Ne4 35. a4 a5 36. Ng2 Ra8 37. Nf4+ Kd7 38. Ke2 Ra6 39. Nd3 Rb6 40. Kf3 Nd6 41.
h3 Ke7 42. Kf4 Kf7 43. g4 fxg4 44. hxg4 Ne4 45. Rh1 Ng5 46. Kf5 Rg7 47. Nc5 Rb4
48. Rh5 Ne4 49. Nxe4 dxe4 50. Kf4 b5 51. axb5 cxb5 52. Ra2 Rxb3 53. Rxa5 Rb2 54.
Ra7+ Kg6 55. Rxg7+ Kxg7 56. Kxe4 Rxf2 57. Rxb5 Kg6 58. d5 Rd2 59. Rb4 Kf7 60.
Rd4 Rg2 61. Kf5 Rf2+ 62. Rf4 Rd2 63. e4 Rg2 64. Rf1 h5 65. gxh5 Rg5+ 66. Kf4
Rxh5 67. Ke3 Ke7 68. Ra1 Rh2 69. Ra7+ Ke8 70. Ra6 Ke7 71. Re6+ Kf7 72. Kd4 Rc2
73. Rc6 Rd2+ 74. Kc5 Re2 75. Re6 Ra2 76. e5 Ra5+ 77. Kc6 Ra6+ 78. Kd7 Ra7+ 79.
Kc8 fxe5 80. Rxe5 Kf6 81. Re1 Ra5 82. d6 Rc5+ 83. Kd8 Kf7 84. d7 Rc4 85. Rf1+
Kg7 86. Rf2 Kg6 87. Ke7 Re4+ 88. Kd6 Rd4+ 89. Ke6 Rd1 90. Rf8 Re1+ 91. Kd6 Rd1+
92. Kc6 Rc1+ 93. Kb5 Rb1+ 94. Kc4 Rc1+ 95. Kb3 1-0

[Event "50th Rilton Cup 2022-23"]
[Site "Stockholm SWE"]
[Date "2023.01.03"]
[Round "7.44"]
[White "Rakshitta, Ravi"]
[Black "Kupervaser, Erez"]
[Result "1-0"]
[WhiteTitle "WIM"]
[BlackTitle "FM"]
[WhiteElo "2242"]
[BlackElo "2331"]
[WhiteFideId "25073230"]
[BlackFideId "2814587"]
[EventDate "2022.12.27"]

1. e4 c5 2. Nf3 g6 3. d4 cxd4 4. Nxd4 Bg7 5. c4 Nc6 6. Be3 Qb6 7. Nb3 Qd8 8. Nc3
d6 9. Be2 Bxc3+ 10. bxc3 Nf6 11. Qc2 O-O 12. O-O b6 13. Rad1 Nd7 14. f4 Ba6 15.
Rf3 Qc8 16. Rh3 Nf6 17. Nd4 Bb7 18. Nf3 Ng4 19. Qd3 Nxe3 20. Qxe3 f6 21. f5 gxf5
22. Qh6 Rf7 23. Nh4 Ne5 24. Bh5 Rg7 25. Nxf5 Rxg2+ 26. Kf1 Qxc4+ 27. Rdd3 Bxe4
28. Qxh7+ Kf8 29. Qh6+ 1-0

[Event "50th Rilton Cup 2022-23"]
[Site "Stockholm SWE"]
[Date "2023.01.03"]
[Round "7.45"]
[White "Lever, Erwan"]
[Black "Deuer, Marius"]
[Result "1/2-1/2"]
[BlackTitle "FM"]
[WhiteElo "2241"]
[BlackElo "2324"]
[WhiteFideId "20640099"]
[BlackFideId "16236432"]
[EventDate "2022.12.27"]

1. d4 Nf6 2. c4 e6 3. Nf3 b6 4. g3 Ba6 5. b3 Bb4+ 6. Bd2 Be7 7. Bg2 O-O 8. O-O
d5 9. Ne5 Bb7 10. Nc3 Nbd7 11. Bf4 c5 12. Rc1 cxd4 13. Qxd4 Bc5 14. Qd1 Rc8 15.
Rc2 Bb4 16. Qa1 Nh5 17. Nd3 Nxf4 18. Nxf4 Qf6 19. Rfc1 Bd6 20. Nd3 Ba6 21. cxd5
Bxd3 22. exd3 Be5 23. dxe6 fxe6 24. Ne4 Rxc2 25. Nxf6+ Bxf6 26. d4 Bxd4 27. Qb1
Rcxf2 28. Kh1 Nf6 29. Bh3 e5 30. Rc2 e4 31. Rc4 Rd2 32. Qc1 e3 33. Be6+ Kh8 34.
Rc8 Ne8 35. Bd7 Rdf2 36. Rxe8 Rxe8 37. Bxe8 e2 38. Bb5 1/2-1/2

[Event "50th Rilton Cup 2022-23"]
[Site "Stockholm SWE"]
[Date "2023.01.03"]
[Round "7.46"]
[White "Dixit, Nikhil"]
[Black "Mahitosh, Dey"]
[Result "1/2-1/2"]
[WhiteTitle "FM"]
[BlackTitle "FM"]
[WhiteElo "2306"]
[BlackElo "2134"]
[WhiteFideId "5059534"]
[BlackFideId "25091468"]
[EventDate "2022.12.27"]

1. e4 d6 2. d4 Nf6 3. Nc3 g6 4. Nf3 Bg7 5. Be2 O-O 6. O-O e5 7. dxe5 dxe5 8.
Qxd8 Rxd8 9. Bg5 Re8 10. h3 h6 11. Be3 b6 12. Bc4 Ba6 13. Bxa6 Nxa6 14. a3 Bf8
15. Rad1 c6 16. Nd2 Nc5 17. f3 Ne6 18. Nb3 Rad8 19. Rxd8 Rxd8 20. Rd1 Rxd1+ 21.
Nxd1 Nd7 22. Kf1 c5 23. Nd2 b5 24. Nc3 a6 25. Nd5 c4 26. a4 Kg7 27. axb5 axb5
28. b3 cxb3 29. Nxb3 f5 30. Ke2 fxe4 31. fxe4 g5 32. g3 1/2-1/2

[Event "50th Rilton Cup 2022-23"]
[Site "Stockholm SWE"]
[Date "2023.01.03"]
[Round "7.47"]
[White "Ostlund, Joar"]
[Black "Srinath, Rao S.V."]
[Result "1/2-1/2"]
[WhiteTitle "CM"]
[BlackTitle "IM"]
[WhiteElo "2212"]
[BlackElo "2296"]
[WhiteFideId "1735020"]
[BlackFideId "5028876"]
[EventDate "2022.12.27"]

1. d4 Nf6 2. c4 g6 3. Nc3 Bg7 4. e4 d6 5. Be2 O-O 6. h4 c5 7. d5 e6 8. h5 exd5
9. exd5 Re8 10. Kf1 Ne4 11. Nxe4 Rxe4 12. Nf3 Bg4 13. hxg6 hxg6 14. Bg5 Qb6 15.
Rb1 Nd7 16. Qc2 Ree8 17. Bd3 Qa6 18. Nh2 Bf5 19. Bxf5 gxf5 20. Nf3 Ne5 21. b3 b5
22. Qxf5 bxc4 23. Bf6 c3+ 24. Kg1 Qd3 25. Qxd3 Nxd3 26. Bg5 c2 27. Rf1 Bb2 28.
Rh4 f6 29. Bh6 c1=Q 30. Rg4+ Kf7 31. Rg7+ Kf8 32. Rg5+ Ke7 33. Rg7+ Kd8 34. Bxc1
Nxc1 35. g3 Ne2+ 36. Kg2 Rc8 37. Rxa7 Rc7 38. Ra6 Kd7 39. Nd2 Be5 40. Nc4 Rg8
41. Rh1 Rg7 42. Kf1 Nc3 43. Rh8 Nxd5 44. f4 Nb4 45. Rb6 Nd5 46. Ra6 Nxf4 47.
Nxe5+ fxe5 48. gxf4 Rf7 49. Ke2 exf4 50. Rh6 Rc6 51. Ra7+ Rc7 52. Ra6 Rc6 53.
Ra7+ Rc7 54. Ra6 Rc6 1/2-1/2

[Event "50th Rilton Cup 2022-23"]
[Site "Stockholm SWE"]
[Date "2023.01.03"]
[Round "7.50"]
[White "Shaik, Sumer Arsh"]
[Black "Acikel, Mert"]
[Result "1-0"]
[WhiteTitle "CM"]
[BlackTitle "FM"]
[WhiteElo "2290"]
[BlackElo "2234"]
[WhiteFideId "45020000"]
[BlackFideId "12956465"]
[EventDate "2022.12.27"]

1. d4 d5 2. Nc3 Nf6 3. Bf4 a6 4. e3 e6 5. g4 c5 6. g5 Nfd7 7. Qg4 Nc6 8. O-O-O
Be7 9. Qg3 Qb6 10. Nge2 Qa7 11. Bg2 cxd4 12. exd4 b5 13. Rhe1 Nb6 14. Bc7 O-O
15. Bxb6 Qxb6 16. Nf4 Ra7 17. Nh5 Qd8 18. h4 Bd7 19. Kb1 a5 20. Nxb5 Rb7 21. a4
Nb4 22. Qe5 f6 23. gxf6 Bxf6 24. Nxf6+ Qxf6 25. Bh3 Rb6 26. Qc7 Qxf2 27. Rf1 Qe2
28. Rxf8+ Kxf8 29. Qd8+ 1-0

[Event "50th Rilton Cup 2022-23"]
[Site "Stockholm SWE"]
[Date "2023.01.03"]
[Round "7.51"]
[White "Buchenau, Frank"]
[Black "Cederstam, Carl"]
[Result "1-0"]
[WhiteTitle "FM"]
[BlackTitle "FM"]
[WhiteElo "2218"]
[BlackElo "2276"]
[WhiteFideId "4604350"]
[BlackFideId "1713329"]
[EventDate "2022.12.27"]

1. e4 c6 2. Nf3 d5 3. Nc3 dxe4 4. Nxe4 Nf6 5. Ng3 h5 6. h3 h4 7. Ne2 Bf5 8. Nc3
e6 9. d4 Qa5 10. Bd2 Qb6 11. Bc4 Ne4 12. O-O Nxd2 13. Qxd2 Nd7 14. Rfe1 Be7 15.
Bd3 Bxd3 16. Qxd3 O-O-O 17. Ne4 Rh5 18. Qe2 Rf5 19. c4 Nf8 20. Rab1 Ng6 21. b4
Nf4 22. Qe3 g5 23. Rb3 Qa6 24. Qc3 Qxa2 25. Nfd2 a5 26. Nc5 Bf6 27. bxa5 Rxc5
28. Qb4 Rd7 29. dxc5 Nd3 30. Rxd3 Rxd3 31. Rb1 Rxd2 32. Qxb7+ Kd8 33. Qb8+ Ke7
34. Rb7+ Rd7 35. Qd6+ 1-0

[Event "50th Rilton Cup 2022-23"]
[Site "Stockholm SWE"]
[Date "2023.01.03"]
[Round "7.53"]
[White "Goh, Zi Han"]
[Black "Schenderowitsch, Michael"]
[Result "1-0"]
[WhiteTitle "CM"]
[BlackTitle "FM"]
[WhiteElo "2126"]
[BlackElo "2269"]
[WhiteFideId "5819156"]
[BlackFideId "4661923"]
[EventDate "2022.12.27"]

1. d4 d5 2. c4 e5 3. dxe5 Ne7 4. Nf3 Nbc6 5. Bg5 d4 6. e3 Bg4 7. exd4 Bxf3 8.
Qxf3 Qxd4 9. Nc3 Qxe5+ 10. Qe3 Qxe3+ 11. Bxe3 Nf5 12. Bd2 O-O-O 13. O-O-O Bc5
14. Be2 Nd6 15. f4 Rhe8 16. Rhe1 Bf2 17. Bg4+ f5 18. Rxe8 Rxe8 19. Be2 Bd4 20.
Bf1 Bf2 21. Kb1 Ne4 22. Nxe4 fxe4 23. Bc3 g6 24. Be2 h5 25. b4 Ne7 26. Rf1 e3
27. Rd1 Nf5 28. Kc2 Nh6 29. c5 Nf5 30. a3 h4 31. b5 b6 32. c6 Nd6 33. Be5 Nf7
34. Bg4+ Kb8 35. Bxc7+ Kxc7 36. Rd7+ Kb8 37. c7+ Kb7 38. Rxf7 Re6 39. Bxe6 1-0

[Event "50th Rilton Cup 2022-23"]
[Site "Stockholm SWE"]
[Date "2023.01.03"]
[Round "7.54"]
[White "Valkama, Eero"]
[Black "Guillo Longares, Cecilia"]
[Result "1/2-1/2"]
[WhiteTitle "FM"]
[BlackTitle "WFM"]
[WhiteElo "2263"]
[BlackElo "1941"]
[WhiteFideId "507555"]
[BlackFideId "32082681"]
[EventDate "2022.12.27"]

1. e4 c5 2. Nf3 Nc6 3. Bb5 g6 4. Bxc6 dxc6 5. d3 Bg7 6. h3 Nf6 7. a4 Nd7 8. a5
Nf8 9. O-O e5 10. Nbd2 Ne6 11. Nc4 Qc7 12. Be3 O-O 13. Qd2 Nd4 14. Nxd4 cxd4 15.
Bh6 Be6 16. Bxg7 Kxg7 17. Qb4 Rad8 18. Qc5 Bxc4 19. dxc4 b6 20. Qa3 b5 21. Qc5
bxc4 22. Qxc4 Rb8 23. b3 c5 24. Ra4 Rfc8 25. Rfa1 Qd6 26. a6 Rc6 27. Qe2 Rbb6
28. f3 Qc7 29. R1a2 Qb8 30. Qc4 Qd6 1/2-1/2

[Event "50th Rilton Cup 2022-23"]
[Site "Stockholm SWE"]
[Date "2023.01.03"]
[Round "7.56"]
[White "Raghav, Srivathsav V"]
[Black "Wernberg, Hugo"]
[Result "1/2-1/2"]
[BlackTitle "FM"]
[WhiteElo "2059"]
[BlackElo "2255"]
[WhiteFideId "5073316"]
[BlackFideId "1737511"]
[EventDate "2022.12.27"]

1. e4 e5 2. Nf3 Nc6 3. Bc4 Bc5 4. d3 Nf6 5. Nc3 h6 6. Be3 Bxe3 7. fxe3 d6 8. O-O
Na5 9. Bb3 Nxb3 10. axb3 O-O 11. Qe1 c6 12. h3 Qe7 13. Nh4 d5 14. exd5 Nxd5 15.
Nf5 Bxf5 16. Rxf5 Qe6 17. Rf2 f5 18. e4 Nf4 19. exf5 Rxf5 20. Kh2 Raf8 21. Qe4
a6 22. Qc4 Qxc4 23. bxc4 Ne6 24. Rxf5 Rxf5 25. Ne4 Nc7 26. Kg1 b5 27. b3 Rf8 28.
Nd6 Ra8 29. b4 bxc4 30. Nxc4 Nd5 31. Nxe5 Nxb4 32. c3 Nd5 33. Nxc6 Nxc3 34. Ra5
Nb5 35. d4 Kf7 36. d5 Ke8 37. Nb4 Kd7 38. Nxa6 Kd6 39. Rxb5 Rxa6 40. h4 Ra4 41.
g3 Rg4 42. Kf2 g6 43. h5 gxh5 44. Kf3 Ra4 45. Rb6+ Kxd5 46. Rb5+ Ke6 47. Rxh5
Kf6 48. Rxh6+ Kg5 49. Rb6 Ra3+ 50. Kg2 Ra8 51. Rb5+ Kg4 52. Rb4+ Kg5 53. Rh4 Ra1
54. Rh8 1/2-1/2

[Event "50th Rilton Cup 2022-23"]
[Site "Stockholm SWE"]
[Date "2023.01.03"]
[Round "7.57"]
[White "Grahn, Vidar"]
[Black "Westerinen, Heikki M.J."]
[Result "1/2-1/2"]
[BlackTitle "GM"]
[WhiteElo "1980"]
[BlackElo "2253"]
[WhiteFideId "1744780"]
[BlackFideId "500020"]
[EventDate "2022.12.27"]

1. e4 e6 2. d4 d5 3. Nc3 dxe4 4. Nxe4 Bd7 5. Nf3 Bc6 6. Bd3 Nd7 7. Qe2 Ngf6 8.
Bg5 Be7 9. Bxf6 Nxf6 10. O-O-O Nxe4 11. Bxe4 Bxe4 12. Qxe4 Qd5 13. Qxd5 exd5 14.
Rhe1 f6 15. Re2 Kd7 16. Rde1 Bd6 17. Kd2 Rae8 18. h3 Rxe2+ 19. Rxe2 g5 20. Kd3
h5 21. b3 b5 22. Re1 Rb8 23. Nd2 c6 24. Nf1 Rb6 25. c3 Rb8 26. Ne3 Re8 27. Re2
Rg8 28. g3 g4 29. h4 Re8 30. Nf5 Rg8 31. a4 a6 32. axb5 axb5 33. Ra2 Bb8 34. Re2
Bd6 35. Nxd6 Kxd6 36. Ra2 Re8 37. Ra7 Re1 38. Rh7 Rf1 39. Ke2 Rc1 40. Kd2 Rf1
41. Ke2 1/2-1/2

[Event "50th Rilton Cup 2022-23"]
[Site "Stockholm SWE"]
[Date "2023.01.03"]
[Round "7.58"]
[White "Gomez Aguirre, Juan Alberto"]
[Black "Rasti, Arvin"]
[Result "1-0"]
[WhiteElo "2108"]
[BlackElo "2249"]
[WhiteFideId "54587867"]
[BlackFideId "1741160"]
[EventDate "2022.12.27"]

1. d4 Nf6 2. c4 e6 3. Nc3 Bb4 4. e3 O-O 5. Bd3 d5 6. Nf3 b6 7. O-O c5 8. cxd5
exd5 9. Ne5 Re8 10. f4 Bxc3 11. bxc3 Ba6 12. dxc5 bxc5 13. c4 Nbd7 14. Bb2 Nxe5
15. fxe5 dxc4 16. Rxf6 gxf6 17. Qg4+ Kh8 18. Be4 Re6 19. exf6 Qg8 20. Qxe6 1-0

[Event "50th Rilton Cup 2022-23"]
[Site "Stockholm SWE"]
[Date "2023.01.03"]
[Round "7.59"]
[White "Shailesh, Dravid"]
[Black "Joel Paul Ganta"]
[Result "0-1"]
[WhiteTitle "FM"]
[WhiteElo "2286"]
[BlackElo "2183"]
[WhiteFideId "25017969"]
[BlackFideId "35066145"]
[EventDate "2022.12.27"]

1. e4 c5 2. Nf3 e6 3. d4 cxd4 4. Nxd4 Nf6 5. Nc3 Nc6 6. a3 d5 7. exd5 exd5 8.
Bb5 Bd7 9. O-O Be7 10. Be3 O-O 11. Re1 a6 12. Be2 Ne5 13. Bf3 Nxf3+ 14. Qxf3 Bg4
15. Qg3 Qd7 16. Bg5 Rfe8 17. Rxe7 Qxe7 18. h3 Be6 19. Re1 Qd8 20. Nxd5 Nh5 21.
Bxd8 Nxg3 22. Nxe6 Raxd8 23. Ndf4 Nf5 24. Nxd8 Rxe1+ 25. Kh2 Re7 26. g4 Nd6 0-1

[Event "50th Rilton Cup 2022-23"]
[Site "Stockholm SWE"]
[Date "2023.01.03"]
[Round "7.60"]
[White "Ornstein, Axel"]
[Black "Katkov, Michelle"]
[Result "1-0"]
[WhiteTitle "IM"]
[BlackTitle "WFM"]
[WhiteElo "2249"]
[BlackElo "2220"]
[WhiteFideId "1700111"]
[BlackFideId "2816393"]
[EventDate "2022.12.27"]

1. e4 e5 2. Nf3 Nc6 3. Bc4 Bc5 4. c3 Nf6 5. d4 exd4 6. cxd4 Bb4+ 7. Bd2 Nxe4 8.
Bxb4 Nxb4 9. Bxf7+ Kxf7 10. Qb3+ d5 11. Ne5+ Kg8 12. Qxb4 Qg5 13. Qb3 c6 14. O-O
h5 15. f3 Nd6 16. f4 Qf6 17. Nd2 Kh7 18. Rae1 Rg8 19. h3 g5 20. fxg5 Qxg5 21.
Rf2 Bf5 22. Nef3 Qg3 23. Re7+ Rg7 24. Qe3 Kg8 25. Nf1 Qg6 26. Nh4 Qf6 27. Nxf5
Nxf5 28. Re8+ Kh7 29. Rxf5 Qxf5 30. Rxa8 Qg6 31. Qe2 Qf5 32. Rxa7 h4 33. Ra3 Qg5
34. Re3 Rf7 35. Re5 1-0

[Event "50th Rilton Cup 2022-23"]
[Site "Stockholm SWE"]
[Date "2023.01.03"]
[Round "7.61"]
[White "Tulchynskyi, Feliks"]
[Black "Larsen, Karsten"]
[Result "1/2-1/2"]
[BlackTitle "FM"]
[WhiteElo "2135"]
[BlackElo "2248"]
[WhiteFideId "34127895"]
[BlackFideId "1404288"]
[EventDate "2022.12.27"]

1. d4 d5 2. c4 e6 3. Nc3 Nf6 4. cxd5 exd5 5. Bg5 c6 6. e3 Bd6 7. Qc2 O-O 8. Bd3
h6 9. Bh4 Re8 10. Nf3 a5 11. O-O Na6 12. a3 Nc7 13. Rae1 Bg4 14. Ne2 Bd7 15. Bg3
Bxg3 16. Nxg3 Re7 17. Ne5 Nce8 18. h3 Nd6 19. f4 Rc8 20. Kh1 b6 21. Qe2 c5 22.
f5 Nc4 23. Bxc4 dxc4 24. Nh5 Nxh5 25. Qxh5 f6 26. Ng6 Re4 27. d5 Qe8 28. Qf3 Rd8
29. Nf4 Qe5 30. Ng6 Qe8 31. Nf4 Qe5 1/2-1/2

[Event "50th Rilton Cup 2022-23"]
[Site "Stockholm SWE"]
[Date "2023.01.03"]
[Round "7.63"]
[White "Kukreja, Sankalp"]
[Black "Seo, Jung Hyun"]
[Result "1/2-1/2"]
[WhiteTitle "CM"]
[WhiteElo "2254"]
[BlackElo "2156"]
[WhiteFideId "45027676"]
[BlackFideId "1735667"]
[EventDate "2022.12.27"]

1. e4 e6 2. d4 d5 3. Nc3 Nf6 4. e5 Nfd7 5. f4 c5 6. Nf3 Nc6 7. Be3 a6 8. Be2 b5
9. Qd2 Qa5 10. O-O b4 11. Nd1 cxd4 12. Nxd4 Nxd4 13. Bxd4 Bc5 14. Ne3 Bxd4 15.
Qxd4 Qc5 16. Rfd1 Qxd4 17. Rxd4 Rb8 18. a3 bxa3 19. Rxa3 Rxb2 20. Bxa6 Bxa6 21.
Rxa6 O-O 22. c4 Nc5 23. Rc6 Nb3 24. Rd1 Na5 25. Rc5 Nxc4 26. Nxc4 dxc4 27. Rxc4
h5 28. Rcd4 Kh7 29. R4d2 Rfb8 30. Kf2 Kg6 31. g3 Rxd2+ 1/2-1/2

[Event "50th Rilton Cup 2022-23"]
[Site "Stockholm SWE"]
[Date "2023.01.04"]
[Round "8.1"]
[White "Pranesh, M"]
[Black "Abdrlauf, Elham"]
[Result "1-0"]
[WhiteTitle "IM"]
[BlackTitle "IM"]
[WhiteElo "2475"]
[BlackElo "2518"]
[WhiteFideId "35028600"]
[BlackFideId "1533533"]
[EventDate "2022.12.27"]

1. e4 c6 2. d4 d5 3. e5 Bf5 4. Nf3 e6 5. Be2 c5 6. O-O Nc6 7. c3 Bg6 8. a3 h5 9.
b4 c4 10. g3 Be7 11. h4 Bf5 12. a4 a5 13. b5 Nb8 14. Na3 Nd7 15. Nc2 Nh6 16. Ne3
Bh3 17. Re1 g6 18. Ng5 Bf5 19. Kg2 Nb6 20. Nxf5 Nxf5 21. Bf4 Qd7 22. Qd2 Kf8 23.
Bd1 Kg7 24. Bc2 Rag8 25. f3 Kf8 26. g4 hxg4 27. fxg4 Rxh4 28. Kf3 Bxg5 29. Bxg5
Rh3+ 30. Kf4 f6 31. exf6 Nh4 32. Bxh4 Rxh4 33. Kg3 Qc7+ 34. Re5 g5 35. f7 Rg7
36. Rf1 Nd7 37. Qc1 Qd6 38. Qe3 b6 39. Kg2 Rxg4+ 40. Kh3 Rh4+ 41. Kg2 Rg4+ 42.
Kh3 Rh4+ 43. Kg2 Nxe5 44. dxe5 Qd8 45. Rf6 d4 46. cxd4 Qd5+ 47. Kg3 Qh1 48. Qa3# 1-0

[Event "50th Rilton Cup 2022-23"]
[Site "Stockholm SWE"]
[Date "2023.01.04"]
[Round "8.2"]
[White "Urkedal, Frode Olav Olsen"]
[Black "Prraneeth, Vuppala"]
[Result "1-0"]
[WhiteTitle "GM"]
[BlackTitle "IM"]
[WhiteElo "2536"]
[BlackElo "2427"]
[WhiteFideId "1506102"]
[BlackFideId "46622373"]
[EventDate "2022.12.27"]

1. d4 Nf6 2. c4 e6 3. Nf3 d5 4. g3 dxc4 5. Bg2 c6 6. Ne5 Bb4+ 7. Bd2 Be7 8. e3
b5 9. Nxc6 Nxc6 10. Bxc6+ Bd7 11. Bxa8 Qxa8 12. f3 e5 13. O-O exd4 14. exd4 O-O
15. Ba5 h6 16. Qd2 Nd5 17. Nc3 Bg5 18. f4 Bf6 19. Ne4 Bf5 20. Rfe1 Bxe4 21. Rxe4
b4 22. Rae1 Qb8 23. a3 bxa3 24. bxa3 Rc8 25. Qe2 g6 26. Re8+ Kg7 27. Rxc8 Qxc8
28. Qe4 Qd7 29. Rc1 Qb5 30. Be1 Qb3 31. Rb1 Qa2 32. Rb7 Qa1 33. Kf1 Qxd4 34.
Qxd4 Bxd4 35. Rd7 Ne3+ 36. Ke2 Nc2 37. Kd1 Ne3+ 38. Kc1 Bb6 39. Bf2 Kf8 40. Rb7
Bc5 41. Kd2 c3+ 42. Kd3 c2 43. Bxe3 Bxe3 44. Kxc2 h5 45. Kd3 Bg1 46. h3 Kg7 47.
Ke4 Kf6 48. Rc7 1-0

[Event "50th Rilton Cup 2022-23"]
[Site "Stockholm SWE"]
[Date "2023.01.04"]
[Round "8.3"]
[White "Horvath, Dominik"]
[Black "Raja, Rithvik R"]
[Result "1/2-1/2"]
[WhiteTitle "IM"]
[BlackTitle "GM"]
[WhiteElo "2502"]
[BlackElo "2453"]
[WhiteFideId "1642561"]
[BlackFideId "35007394"]
[EventDate "2022.12.27"]

1. d4 Nf6 2. c4 e6 3. Nc3 Bb4 4. Qc2 O-O 5. e4 d5 6. e5 Ne4 7. Bd3 c5 8. Nf3
cxd4 9. Nxd4 Nd7 10. Bf4 Qh4 11. g3 Qh5 12. O-O g5 13. cxd5 Bxc3 14. bxc3 exd5
15. Be3 Nxe5 16. f3 Nc5 17. Bf5 Ne6 18. g4 Qh4 19. Rad1 Nc4 20. Rfe1 Bd7 21. Bf2
Qh6 22. Bg3 Rae8 23. Qf2 Qf6 24. h4 Nxd4 25. hxg5 Rxe1+ 26. Rxe1 Qd8 27. Qxd4
Bxf5 28. gxf5 Re8 29. Rxe8+ Qxe8 30. Bf2 Qe5 31. Qxe5 Nxe5 32. Kg2 b6 33. f4 1/2-1/2

[Event "50th Rilton Cup 2022-23"]
[Site "Stockholm SWE"]
[Date "2023.01.04"]
[Round "8.4"]
[White "Meshkovs, Nikita"]
[Black "Olsson, William"]
[Result "1-0"]
[WhiteTitle "GM"]
[BlackTitle "FM"]
[WhiteElo "2566"]
[BlackElo "2290"]
[WhiteFideId "11602740"]
[BlackFideId "1741721"]
[EventDate "2022.12.27"]

1. d4 d5 2. c4 c6 3. Nf3 Nf6 4. Nc3 e6 5. g3 dxc4 6. Bg2 b5 7. O-O Bb7 8. Ne5
Qc8 9. b3 cxb3 10. Qxb3 Nbd7 11. Bg5 a6 12. a4 b4 13. Nxd7 Nxd7 14. Ne4 c5 15.
Rfc1 Bd5 16. Qe3 Qb7 17. dxc5 Rc8 18. Rd1 Bxc5 19. Qxc5 Nxc5 20. Nd6+ Kf8 21.
Nxb7 Nxb7 22. Bxd5 exd5 23. Rxd5 f6 24. Bd2 Ke7 25. Bxb4+ Ke6 26. Rd4 Rc7 27.
Rb1 Rhc8 28. Ba3 Kf7 29. Rb6 a5 30. Rb5 Nd8 31. h4 h6 32. Kg2 Rc3 33. Rd7+ Kg8
34. Bd6 Rc2 35. e3 Rd2 36. Rc7 Ra8 37. Rb6 Ra2 38. Rc4 Nf7 39. Bc7 Re8 40. Rb5
Rxe3 41. Rxa5 Ne5 42. Bxe5 Rxe5 43. Rxe5 fxe5 44. Kf3 h5 45. Ke4 Rxf2 46. Kxe5
Rf3 47. g4 hxg4 48. Rxg4 Kh7 49. Rf4 Ra3 50. Kd6 Kh6 51. Rb4 g6 52. Kc6 Rf3 53.
a5 Rf6+ 54. Kb5 Rf5+ 55. Ka4 Rf6 56. Rc4 Re6 57. Kb5 Kh5 58. a6 Re7 59. Kb6 Re1
60. a7 Rb1+ 61. Ka5 1-0

[Event "50th Rilton Cup 2022-23"]
[Site "Stockholm SWE"]
[Date "2023.01.04"]
[Round "8.5"]
[White "Kucuksari, Kaan"]
[Black "Parkhov, Yair"]
[Result "1-0"]
[WhiteTitle "IM"]
[BlackTitle "IM"]
[WhiteElo "2492"]
[BlackElo "2470"]
[WhiteFideId "6380166"]
[BlackFideId "2813408"]
[EventDate "2022.12.27"]

1. d4 Nf6 2. Bg5 d5 3. Bxf6 gxf6 4. e3 c5 5. dxc5 e6 6. Nf3 Bxc5 7. Be2 Bf8 8.
O-O Bg7 9. c4 dxc4 10. Nbd2 f5 11. Nxc4 Qxd1 12. Rfxd1 Ke7 13. Nd4 Nd7 14. Rac1
Rd8 15. Na5 a6 16. f4 Bxd4 17. Rxd4 Nf6 18. Rc7+ Rd7 19. Rdxd7+ Nxd7 20. Nxb7
Bxb7 21. Rxb7 Kd6 22. a4 Rc8 23. b4 Nf6 24. Rxf7 Nd5 25. Bxa6 Rc2 26. Bb5 e5 27.
fxe5+ Ke6 28. Rxf5 Nxb4 29. e4 Na2 30. h4 Rc5 31. Rf6+ Ke7 32. Rc6 Rxe5 33. Rc2
Nb4 34. Rc4 Na2 35. Kf2 Re6 36. Ke3 Rg6 37. Kf3 Rf6+ 38. Ke3 Rg6 39. Rc7+ Kd8
40. Rc2 Rg3+ 41. Kd4 Ra3 42. g4 Nb4 43. Rb2 Na2 44. Bc4 1-0

[Event "50th Rilton Cup 2022-23"]
[Site "Stockholm SWE"]
[Date "2023.01.04"]
[Round "8.6"]
[White "Blomqvist, Erik"]
[Black "Galperin, Platon"]
[Result "0-1"]
[WhiteTitle "GM"]
[BlackTitle "GM"]
[WhiteElo "2544"]
[BlackElo "2530"]
[WhiteFideId "1709437"]
[BlackFideId "14165414"]
[EventDate "2022.12.27"]

1. e4 e5 2. Nf3 Nc6 3. Bb5 a6 4. Ba4 b5 5. Bb3 Na5 6. d4 exd4 7. Qxd4 Bb7 8. O-O
d6 9. c4 Nf6 10. Nc3 Be7 11. Nd5 c5 12. Qc3 Nxd5 13. exd5 O-O 14. Bd2 Nxc4 15.
Bxc4 bxc4 16. Qxc4 Qd7 17. Bc3 Rfe8 18. Rfd1 Bf8 19. a4 Qf5 20. h3 Re4 21. Qb3
Re7 22. Rd2 Rae8 23. Rad1 Bc8 24. Qc2 Qf4 25. Rd3 Bf5 26. Qd2 Qxa4 27. Re3 Rxe3
28. fxe3 Rxe3 29. Rf1 Re8 30. Qg5 Bd3 31. Rf2 h6 32. Qg3 Qe4 33. Nh2 Qxd5 34.
Ng4 Bg6 35. h4 Re4 36. Rf3 Qh5 37. Rf4 Rxf4 38. Qxf4 Be7 0-1